00740nam a2200181 a 450000100100000000500170001000800410002702000180006804000250008610000340011124500990014526000650024430000280030959000690033750400300040695201050043699900170054100004573820201002052421.0150508s2010 dr a 000 0 spa d a9789993478515 aDO-SdBNPbspacBNPHU1 aEscarramán, Víctor97334610aTarjeta de crédito :by responsabilidades que derivan del contrato /cVíctor Escarramán. aSanto Domingo :bLibrería Jurídica Internacional,c2010. a292 p. :bil. ;c23 cm. aLa biblioteca posee un (1) ejemplar autográfiado por el autor. aBibliografía p: 285-292 0010718PDaPDbPDcHDd2015-05-08iLF1l0o p45738-10r2020-06-25w2020-06-25yLFPDZNo se presta c45227d45227